Fifa 22 Top 25 RW/RM - Statistics

General Stats
  • This quiz has been taken 155 times
  • The average score is 18 of 25
Answer Stats
Rating Club Nation Player % Correct
93 PSG Argentina Lionel Messi
99%
89 Liverpool Egypt Mohamed Salah
99%
87 PSG Argentina Angel Di Maria
98%
86 Manchester City Algeria Riyad Mahrez
94%
83 FC Barcelona France Ousmane Dembele
90%
84 Chelsea Morocco Hakim Ziyech
89%
84 Bayern Munich Germany Leroy Sane
89%
85 Bayern Munich Germany Serge Gnabry
89%
87 Manchester United England Jadon Sancho
86%
82 Real Madrid Wales Gareth Bale
84%
83 Piemonte Calcio Italy Federico Chiesa
80%
83 Real Madrid Spain Marco Asensio
80%
82 Aston Villa Jamaica Leon Bailey
75%
82 Leeds United Brazil Raphinha
71%
81 Tottenham Hotspur Brazil Lucas Moura
69%
82 Manchester City Spain Ferran Torres
68%
81 Piemonte Calcio Sweden Dejan Kulusevski
66%
83 LAFC Mexico Carlos Vela
64%
82 Sassuolo Italy Domenico Berardi
55%
82 FC Porto Mexico Jesus Corona
51%
82 SL Benfica Portugal Rafa
40%
81 Napoli Italy Matteo Politano
38%
82 Sevilla FC Spain Suso
37%
81 Real Betis Spain Joaquin
29%
82 Real Sociedad Spain Cristian Portu
24%
No matching quizzes found
Score Distribution
Percent of People with Each Score
Percentile by Number Answered
Your Score History
You have not taken this quiz